The new Bible commentary : (Record no. 24697)
[ view plain ]
| 000 -LEADER | |
|---|---|
| fixed length control field | 00574nam a2200157 4500 |
| 008 - FIXED-LENGTH DATA ELEMENTS--GENERAL INFORMATION | |
| fixed length control field | 050927s1959 -hk chi |
| 090 ## - LOCALLY ASSIGNED LC-TYPE CALL NUMBER (OCLC); LOCAL CALL NUMBER (OCLC) | |
| Classification number (OCLC) (R) ; Classification number, CALL (RLIN) (NR) | BS498.C5 |
| Local cutter number (OCLC) ; Book number/undivided call number, CALL (RLIN) | N42da |
| 100 0# - MAIN ENTRY--PERSONAL NAME | |
| Personal name | Davidson, F., |
| Dates associated with a name | ed. |
| 245 10 - TITLE STATEMENT | |
| Title | The new Bible commentary : |
| Remainder of title | Job-Malachi {ch} / |
| Statement of responsibility, etc | F.Davidson, ed. |
| 260 ## - PUBLICATION, DISTRIBUTION, ETC. (IMPRINT) | |
| Place of publication, distribution, etc | Hong Kong : |
| Name of publisher, distributor, etc | Christian Witness Press, |
| Date of publication, distribution, etc | 1959. |
| 300 ## - PHYSICAL DESCRIPTION | |
| Extent | 474 p. |
| 630 04 - SUBJECT ADDED ENTRY--UNIFORM TITLE | |
| Uniform title | Bible. Chinese |
| General subdivision | Job-Malachi |
| -- | Commentaries {ch}. |
| 951 ## - EQUIVALENCE OR CROSS-REFERENCE-GEOGRAPHIC NAME/AREA NAME [OBSOLETE] [CAN/MARC only] | |
| General subdivision | 00009237 |
| 700 1# - ADDED ENTRY--PERSONAL NAME | |
| Personal name | Kevan, E.F., assist ed. |
| 700 1# - ADDED ENTRY--PERSONAL NAME | |
| Personal name | Stibbs, A.M., assist ed. |
| 951 ## - EQUIVALENCE OR CROSS-REFERENCE-GEOGRAPHIC NAME/AREA NAME [OBSOLETE] [CAN/MARC only] | |
| -- | C-223 |
| -- | BS498.C5/N42da-II-3 |
| -- | 070613111520500 |
| -- | 2000-12-21 |
| -- | REF-CH |
| Withdrawn status | Lost status | Damaged status | Not for loan | Home library | Current library | Shelving location | Date acquired | Accession number | Shelving control number | Total Checkouts | Full call number | Barcode | Date last seen | Price effective from | Koha item type |
|---|---|---|---|---|---|---|---|---|---|---|---|---|---|---|---|
| BSOP Library | BSOP Library | Reference Chinese | 12/21/2000 | C-223 | 127 | BS498.C5/N42da-II-3 | 00009237 | 02/23/2013 | 02/23/2013 | Books |
